Statistical Summary of Thailand 1986

Gespeichert in:
Bibliographische Detailangaben
Format: Buch
Sprache:Englisch
Veröffentlicht: Bangkok National Statistical Office 1986
Tags: Tag hinzufügen
Keine Tags, Fügen Sie das erste Tag hinzu!

MARC

LEADER 00000nam a2200000 4500
001 c030918
005 20221220072858.7
041 0 |a eng 
044 |a TH 
245 1 0 |a Statistical Summary of Thailand 1986 
264 1 |a Bangkok  |b National Statistical Office  |c 1986 
300 |a 78 s.